|
|
|
|
| LEADER |
00000naa a2200000uu 4500 |
| 001 |
vtls011045593 |
| 003 |
SK-MaSNL |
| 005 |
20260302141540.0 |
| 008 |
210905|1999 xo |||||||||||||||||slo| |
| 015 |
|
|
|a SNBRA
|
| 035 |
|
|
|a (urnnbn)urn:nbn:sk:snk:ar-00920d
|
| 035 |
|
|
|a (uuid)447cf7dd-1f42-4280-a7c9-d181cf65c3ea
|
| 035 |
|
|
|a urn:nbn:sk:snk-aauxa7
|
| 040 |
|
|
|a SNKBUCL
|b slo
|c SNKBUCL
|e AACR2
|
| 041 |
0 |
|
|a slo
|
| 044 |
|
|
|a xo
|c SK
|
| 100 |
1 |
|
|a Strieška, Ľubomír,
|d 1948-
|4 aut
|9 103138
|
| 245 |
1 |
0 |
|a Diferenciácia versus segmentácia
|c Ľubomír Strieška
|
| 773 |
0 |
|
|t Podnikateľské prostredie v Slovenskej republike - súčasný stav a perspektívy
|d Bratislava : Ekonóm, 1999
|g S. 117-118
|z 8022512192
|
| 958 |
|
|
|a OND
|
| 958 |
|
|
|a article12
|
| 958 |
|
|
|a chapter
|
| 999 |
|
|
|c 1336062
|d 1337992
|